Vector calculus /
Guardado en:
| Autor Principal: | |
|---|---|
| Otros Autores: | |
| Formato: | Libro |
| Idioma: | English |
| Publicado: |
New York :
W. H. Freeman,
c1988.
|
| Edición: | 3rd ed. |
| Materias: | |
| Etiquetas: |
Agregar Etiqueta
Sin Etiquetas, Sea el primero en etiquetar este registro!
|
| LEADER | 00982pam a2200229 a 4500 | ||
|---|---|---|---|
| 001 | MAT.inmabb003462 | ||
| 008 | 870903s1988####nyua##########001#0#eng## | ||
| 005 | 20130219174113.0 | ||
| 245 | 1 | 0 | |a Vector calculus / |c Jerrold E. Marsden, Anthony J. Tromba. |
| 250 | |a 3rd ed. | ||
| 260 | |a New York : |b W. H. Freeman, |c c1988. | ||
| 300 | |a xiv, 655 p. : |b il. ; |c 25 cm. | ||
| 505 | 0 | |a 1. The geometry of Euclidean space -- 2. Differentiation -- 3. Vector-valued functions -- 4. Higher-order derivatives: maxima and minima -- 5. Double integrals -- 6. The triple integral, the change of variables formula, and applications -- 7. Integrals over paths and surfaces -- 8. The integral theorems of vector analysis. | |
| 020 | |a 0716718561 | ||
| 100 | 1 | |a Marsden, Jerrold E. | |
| 700 | 1 | |a Tromba, Anthony. | |
| 650 | 0 | |a Calculus. | |
| 650 | 0 | |a Vector analysis. | |
| 084 | |a 26-01 (26B12 26B20) |2 msc2000 | ||
| 010 | |a 87024595 | ||
| 040 | |a DLC |c DLC |d DLC | ||
| 859 | |h 26 |i M364v |p A-6643 |b BIB. MATEMATICA | ||
